Nepodceňme prípravy na euro

Základné a najdôležitejšie informácie o prechode na euro. Veľký tresk. Kľúčovú úlohu zohrajú banky.. Konverzný kurz. Ceny v korunách i v eurách. Pravidlá duálneho zobrazovania cien. Kontinuita kontraktov. Špecializovaný projektový tím v každej firme.

Enregistré dans:
Détails bibliographiques
Auteur principal: Barát, Igor
Format: Chapitre de livre
Langue:slovaque
Sujets:
Tags: Ajouter un tag
Pas de tags, Soyez le premier à ajouter un tag!

MARC

LEADER 00000naa$a2200000$$$4500
001 0059715
005 20231114095703.1
041 0 |a slo 
044 |a SK 
245 1 0 |a Nepodceňme prípravy na euro  |c Igor Barát 
520 |a Základné a najdôležitejšie informácie o prechode na euro. Veľký tresk. Kľúčovú úlohu zohrajú banky.. Konverzný kurz. Ceny v korunách i v eurách. Pravidlá duálneho zobrazovania cien. Kontinuita kontraktov. Špecializovaný projektový tím v každej firme. 
610 2 0 |a euro 
610 2 0 |a euromena 
610 2 0 |a Slovensko 
610 2 0 |a informácie 
100 1 |a Barát, Igor